| 000 | 00771nam a22002177a 4500 | ||
|---|---|---|---|
| 003 | 0 | ||
| 005 | 20251014132032.0 | ||
| 008 | 251014b xxu||||| |||| 00| 0 eng d | ||
| 020 | _a978-1-032-69739-0 | ||
| 050 |
_aRC 489.T73 _b.J35 2025 |
||
| 100 |
_aJakob, Peter, _eauthor. |
||
| 245 |
_aNonviolent resistance in trauma-focused practice : _ba systematic approach to therapy and social care / _cPeter Jakob. |
||
| 260 |
_aNew York, NY : _bRoutledge, _c2025. |
||
| 300 |
_axv, 247 pages : _billustrations ; _c24 cm. |
||
| 504 | _aIncludes bibliographical references and index. | ||
| 650 | _aPsychotherapy. | ||
| 650 |
_aPsychological trauma _xTreatment. |
||
| 650 |
_aNonviolence _xTherapeutic use. |
||
| 650 | _aSocial work with victims of violence. | ||
| 942 |
_2lcc _cBK |
||
| 999 |
_c368233 _d368233 |
||